| 000 | 00716nam a22002417a 4500 | ||
|---|---|---|---|
| 999 |
_c108005 _d108005 |
||
| 005 | 20200222105239.0 | ||
| 010 | _aA-644993 | ||
| 020 | _c90.00 | ||
| 035 | _aA-644993 | ||
| 037 | _bCen Lib/Ret | ||
| 082 | _aن | ||
| 100 | _aصدیقی، صادق حسین | ||
| 245 |
_aبِنّت حلب / _cصادق حسین صدیقی |
||
| 246 |
_aBinnat Halb / _bby Sadiq Husain Siddiqui |
||
| 260 |
_aدہلی _bشاہد بک ڈیپو _c1992 ء |
||
| 270 |
_bدہلی _aاردو بازار جمع مسجد _e110002 |
||
| 300 |
_a368p. _c21cm(Hb) |
||
| 650 | _aاردو ادب | ||
| 650 | _aاردو ناول | ||
| 650 | _aUrdu literature | ||
| 650 | _aUrdu novel | ||
| 942 |
_2ddc _cUR _hن _mص د ی |
||